Sonia versus vajpayee : (Record no. 123338)

MARC details
000 -LEADER
fixed length control field 00850nam a22002777a 4500
003 - CONTROL NUMBER IDENTIFIER
control field 0
005 - DATE AND TIME OF LATEST TRANSACTION
control field 20180806125604.0
008 - FIXED-LENGTH DATA ELEMENTS--GENERAL INFORMATION
fixed length control field 0
010 ## - LIBRARY OF CONGRESS CONTROL NUMBER
LC control number B-159205
020 ## - INTERNATIONAL STANDARD BOOK NUMBER
Terms of availability 380.00
International Standard Book Number 8176296023
035 ## - SYSTEM CONTROL NUMBER
System control number B-159205, B-159206, B-159210
037 ## - SOURCE OF ACQUISITION
Source of stock number/acquisition Cen Lib/Ret
040 ## - CATALOGING SOURCE
Original cataloging agency DPL
Language of cataloging EN
Transcribing agency 0
082 ## - DEWEY DECIMAL CLASSIFICATION NUMBER
Classification number 324.954
245 ## - TITLE STATEMENT
Title Sonia versus vajpayee :
Statement of responsibility, etc edited by Rashmi Sharma
Remainder of title 14th lok sabha elections-2004 /
260 ## - PUBLICATION, DISTRIBUTION, ETC. (IMPRINT)
Place of publication, distribution, etc New Delhi
Name of publisher, distributor, etc Deep deep publications
Date of publication, distribution, etc 2004
270 ## - ADDRESS
City New Delhi
Address F-159, rajouri garden
Postal code 110018
300 ## - PHYSICAL DESCRIPTION
Extent 256p.
Dimensions 21cm(Hb)
500 ## - GENERAL NOTE
General note Includes index
650 ## - SUBJECT ADDED ENTRY--TOPICAL TERM
Topical term or geographic name as entry element Political science
9 (RLIN) 5476
650 ## - SUBJECT ADDED ENTRY--TOPICAL TERM
Topical term or geographic name as entry element Election
9 (RLIN) 5477
650 ## - SUBJECT ADDED ENTRY--TOPICAL TERM
Topical term or geographic name as entry element राजनीति विज्ञान
9 (RLIN) 442
650 ## - SUBJECT ADDED ENTRY--TOPICAL TERM
Topical term or geographic name as entry element चुनाव
9 (RLIN) 102
700 ## - ADDED ENTRY--PERSONAL NAME
Personal name Sharma, Rashmi
9 (RLIN) 5478
942 ## - ADDED ENTRY ELEMENTS (KOHA)
Source of classification or shelving scheme Dewey Decimal Classification
Koha item type English Books
Classification part 324.954
Call number suffix SON
Holdings
Withdrawn status Lost status Damaged status Not for loan Home library Current library Date acquired Source of acquisition Cost, normal purchase price Total Checkouts Total Renewals Full call number Barcode Date last seen Date checked out Copy number Cost, replacement price Price effective from Koha item type Source of classification or shelving scheme Collection code
        Central Library Central Library 05/06/2015 Cen Lib/Ret 380.00 2 1 324.954 SON B-159205 19/02/2025 17/02/2025 1 380.00 05/06/2015 English Books    
        Patel Nagar Patel Nagar 27/07/2018 BPPD/PUB 380.00     324.954 SON B-159206 27/07/2018     380.00 27/07/2018 English Books Dewey Decimal Classification Non-fiction
        Shahdara Branch Shahdara Branch 06/08/2018 BPPD/PUB 380.00     324.954 SON B-159210 06/08/2018     380.00 06/08/2018 English Books Dewey Decimal Classification Non-fiction

© Delhi Public Library
Hit Counter
free hit counter